00656nam a2200205Ia 4500003000900000008004100009040001600050080001700066100003000083245005600113260003200169300001400201500001900215650001800234650004100252650001700293942000700310999001500317952011800332IN-BaIIA211028s9999 xx 000 0 eng d cIIA Library a512:514bROB aRobison, J. Vincent96392 0aModern algebra and trigonometrycJ. Vincent Robison aNew YorkbMcGraw-Hillc1966 axi, 401p. aIncludes Index aAlgebra91494 aAstronomy and Astrophysics Thesaurus aTrigonometry cBK c3605d3605 00104070aBANbBANcGENd1970-10-28g20.08l0o512:514/ ROBp4025r2021-11-05v20.08w1970-10-28yBKGRs. 20.08